Wo sind die Wiener U-Bahn-Endstationen? - Statistiken

Allgemein
  • Dieses Quiz wurde 301 mal gespielt
  • Das Durchschnittsergebnis liegt bei 3 aus 5
Antwortstatistiken
Frage Antwort % Korrekt
Die U3 hat ihre Endstationen in den Bezirken... Ottakring & Simmering
91%
Die U1 hat ihre Endstationen in den Bezirken... Favoriten & Floridsdorf
66%
Die U2 hat ihre Endstationen in den Bezirken... Donaustadt & Innere Stadt/Wieden
53%
Die U6 hat ihre Endstationen in den Bezirken... Floridsdorf & Liesing
44%
Die U4 hat ihre Endstationen in den Bezirken... Döbling & Penzing
41%
Keine übereinstimmenden Quizze gefunden
Verteilung der Resultate
Anzahl Personen mit jedem Resultat
Perzentil nach korrekt beantworteten Fragen
Ihre Resultats-Entwicklung
Sie haben dieses Quiz noch nicht gespielt